| 000 | nam a22 a 4500 | ||
|---|---|---|---|
| 999 |
_c603 _d603 |
||
| 003 | AKMAL | ||
| 005 | 20170504122355.0 | ||
| 008 | 050922r20042003my e 000 0 M d | ||
| 020 |
_a9832311152 (kkt.) : _cRM25.00 |
||
| 040 | _aAKMAL | ||
| 082 | 0 | 4 |
_a158 AIN _222 |
| 090 | 0 | 0 |
_a158 _bAIN |
| 100 | 1 |
_aAinon Muhammad, _d1950- _9343 |
|
| 245 | 1 | 0 |
_aPsikologi kejayaan : _cAinon Mohd |
| 260 |
_aBentong, Pahang : _bPTS Pub., _c2005 |
||
| 300 |
_avi, 312ms. : _c23cm. |
||
| 490 | 1 | _aSiri motivasi | |
| 650 | 1 | 0 |
_aSuccess _xPsychological aspects, Motivation (Psychology) _91325 |
| 830 | 0 |
_aSiri motivasi _91119 |
|
| 856 | 4 | 1 |
_uhttp://www.pnm.my/tag856/Psikologi/c.c.pdf _yc.c.pdf |
| 942 |
_2ddc _cBOOK |
||